[Event "18sen.Bay.EM2006 Schney op"]
[Site "Schloss Schney (25.6.-3.7)"]
[Date "2006.07.02"]
[Round "8.5"]
[White "Muench, Klaus-Norbert Dr"]
[Black "Schmidt, Gerhard(40)"]
[Result "0-1"]
[WhiteElo "2023"]
[BlackElo "2139"]
[PlyCount "114"]
[EventDate "2006.07.??"]
[Source "Ganslmayer"]
[SourceDate "2012.12.20"]

1. Nf3 Nf6 2. g3 d5 3. Bg2 c6 4. O-O Bf5 5. c4 e6 6. Qb3 Qb6 7. Qxb6 axb6 8.
Nc3 dxc4 9. Ne5 b5 10. d3 cxd3 11. e4 Bg6 12. f3 Nbd7 13. Nxd3 Nc5 14. Rd1 Rd8
15. Nxc5 Bxc5+ 16. Kf1 Rxd1+ 17. Nxd1 h6 18. Be3 Bxe3 19. Nxe3 Ke7 20. Ke2 Ra8
21. Kd2 e5 22. Kc3 Nd7 23. a3 Nc5 24. Rd1 Rd8 25. Rxd8 Kxd8 26. Ng4 f6 27. Ne3
Ne6 28. Nc2 Ke7 29. Bf1 Kd6 30. Be2 Bh5 31. Kd3 Nc5+ 32. Ke3 Bf7 33. Kd2 Na4
34. b4 Nb6 35. Ne3 Be6 36. Kc3 Na4+ 37. Kd2 Nb6 38. Kc3 Nd7 39. Bf1 Nf8 40. Be2
Ng6 41. Bd3 Ne7 42. Be2 f5 43. Bd3 f4 44. Nf1 fxg3 45. hxg3 h5 46. Nh2 g5 47.
Kd2 Ng6 48. Ke3 b6 49. Bf1 Bd7 50. Be2 Be8 51. Kf2 Bf7 52. Ke3 Bc4 53. Bd1 c5
54. Bc2 h4 55. gxh4 gxh4 56. Kf2 cxb4 57. axb4 Ne7 0-1

[Event "18sen.Bay.EM2006 Schney op"]
[Site "Schloss Schney (25.6.-3.7)"]
[Date "2006.07.02"]
[Round "8.40"]
[White "Van Houten, Henk"]
[Black "Antusch, Ingrid++"]
[Result "0-1"]
[WhiteElo "1597"]
[BlackElo "1446"]
[PlyCount "64"]
[EventDate "2006.07.??"]
[Source "Ganslmayer"]
[SourceDate "2012.12.20"]

1. e4 d5 2. exd5 Qxd5 3. Qf3 Nf6 4. Nc3 Qe6+ 5. Qe3 g6 6. Nf3 Nc6 7. Bb5 Qxe3+
8. dxe3 Bd7 9. O-O a6 10. Bd3 Bg7 11. h3 O-O 12. a3 Rad8 13. e4 e5 14. b4 h6
15. Bb2 Rfe8 16. Ne2 Nh5 17. Rad1 g5 18. Bc4 Nf6 19. Bd3 Nh7 20. Ng3 g4 21.
hxg4 Bxg4 22. Be2 f6 23. Nf5 Ng5 24. Bc4+ Kh7 25. Nxg5+ hxg5 26. f3 Bxf5 27.
exf5 Re7 28. Bd5 Red7 29. c4 Ne7 30. g4 c6 31. Bg8+ Kxg8 32. Rxd7 Rxd7 0-1

[Event "18sen.Bay.EM2006 Schney op"]
[Site "Schloss Schney (25.6.-3.7)"]
[Date "2006.07.02"]
[Round "8.41"]
[White "Mueller, Lothar(27)"]
[Black "Fiedler, Werner(23)"]
[Result "0-1"]
[WhiteElo "1412"]
[BlackElo "1629"]
[PlyCount "50"]
[EventDate "2006.07.??"]
[Source "Ganslmayer"]
[SourceDate "2012.12.20"]

1. e4 c5 2. c3 Nc6 3. d4 cxd4 4. cxd4 e6 5. Nf3 Nf6 6. Nc3 Bb4 7. Bd3 h6 8. O-O
O-O 9. a3 Ba5 10. e5 Ne8 11. Ne4 d5 12. Ng3 Bb6 13. Be3 f6 14. Bc2 Bd7 15. Qd3
f5 16. Nh5 a6 17. Nf4 Ne7 18. a4 g5 19. Nh5 Ng6 20. g4 Qe7 21. gxf5 exf5 22.
Qb3 Qe6 23. Kh1 Rc8 24. Rg1 Bd8 25. Qxb7 Rxc2 0-1

[Event "18sen.Bay.EM2006 Schney op"]
[Site "Schloss Schney (25.6.-3.7)"]
[Date "2006.07.02"]
[Round "8.1"]
[White "Walkewitz, Hubert"]
[Black "Oechslein, Rainer"]
[Result "1-0"]
[WhiteElo "2182"]
[BlackElo "2176"]
[PlyCount "103"]
[EventDate "2006.07.??"]
[Source "Ganslmayer"]
[SourceDate "2012.12.20"]

1. d4 Nf6 2. Bf4 g6 3. Nf3 Bg7 4. e3 O-O 5. c4 c5 6. Nc3 Nc6 7. d5 Na5 8. h3 d6
9. Rc1 a6 10. a3 b6 11. b4 Nb7 12. Be2 e6 13. Bg5 e5 14. O-O h6 15. Bh4 Bd7 16.
Nd2 Qc7 17. e4 Rfc8 18. Re1 Nh7 19. Nf1 Bf6 20. Bxf6 Nxf6 21. Ne3 Kg7 22. Rf1
Qd8 23. f4 Qe7 24. Qd2 exf4 25. Rxf4 g5 26. Nf5+ Bxf5 27. Rxf5 Nxe4 28. Qe3 Re8
29. Rcf1 f6 30. Nxe4 Qxe4 31. Qxe4 Rxe4 32. Rxf6 Rxe2 33. Rf7+ Kg8 34. Rxb7
cxb4 35. axb4 a5 36. b5 Rc8 37. Rf6 Re1+ 38. Kf2 Re5 39. Rg6+ Kf8 40. Rxh6 Rf5+
41. Kg3 Rf7 42. Rxf7+ Kxf7 43. Rxd6 Rxc4 44. Rxb6 Rd4 45. Ra6 a4 46. b6 Rb4 47.
b7 Rxb7 48. Rxa4 Kf6 49. Rd4 Rd7 50. d6 Ke5 51. Rd1 Kf5 52. Kf3 1-0

[Event "18sen.Bay.EM2006 Schney op"]
[Site "Schloss Schney (25.6.-3.7)"]
[Date "2006.07.02"]
[Round "8.2"]
[White "Wimmer, Herbert"]
[Black "Hein, Manfred(36)"]
[Result "1-0"]
[WhiteElo "2114"]
[BlackElo "2021"]
[PlyCount "77"]
[EventDate "2006.07.??"]
[Source "Ganslmayer"]
[SourceDate "2012.12.20"]

1. d4 d5 2. c4 e6 3. Nc3 Nf6 4. Bg5 Be7 5. e3 h6 6. Bh4 c6 7. cxd5 exd5 8. Qc2
Ne4 9. Bxe7 Qxe7 10. Nxd5 cxd5 11. Qxc8+ Qd8 12. Bb5+ Nc6 13. Bxc6+ bxc6 14.
Qxc6+ Kf8 15. Qa4 Qb6 16. Qa3+ Kg8 17. Nf3 Kh7 18. O-O Rab8 19. b3 f6 20. Rac1
Rhc8 21. Qb2 g5 22. Rxc8 Rxc8 23. Rc1 Rc6 24. Nd2 Nd6 25. Rc3 Kg7 26. Qc2 Rxc3
27. Qxc3 Qa6 28. a4 Qe2 29. Qc7+ Kg6 30. Qxd6 Qxd2 31. g3 Qd1+ 32. Kg2 Qxb3 33.
Qf8 g4 34. Qg8+ Kf5 35. Qc8+ Kg5 36. h4+ gxh3+ 37. Kxh3 f5 38. Qe6 Qb1 39. f4+
1-0

[Event "18sen.Bay.EM2006 Schney op"]
[Site "Schloss Schney (25.6.-3.7)"]
[Date "2006.07.02"]
[Round "8.3"]
[White "Schulz, Wolfgang(32)"]
[Black "Fischer, Gerd(41)"]
[Result "1/2-1/2"]
[WhiteElo "2035"]
[BlackElo "2092"]
[PlyCount "43"]
[EventDate "2006.07.??"]
[Source "Ganslmayer"]
[SourceDate "2012.12.20"]

1. d4 d5 2. Nf3 Nf6 3. Bf4 Bf5 4. e3 e6 5. Bd3 Ne4 6. Nbd2 Bd6 7. Bxd6 Qxd6 8.
Nh4 Qe7 9. Nxf5 exf5 10. O-O O-O 11. c3 c6 12. Qc2 Nd7 13. Rae1 Rfe8 14. f3
Nxd2 15. Qxd2 Qg5 16. Qf2 Re6 17. Qg3 Qxg3 18. hxg3 g6 19. Re2 Rae8 20. Rfe1
Nf6 21. Kf2 Kg7 22. Rh1 1/2-1/2

[Event "18sen.Bay.EM2006 Schney op"]
[Site "Schloss Schney (25.6.-3.7)"]
[Date "2006.07.02"]
[Round "8.4"]
[White "Scheipl, Ralf"]
[Black "Schurig, Wilhelm"]
[Result "1-0"]
[WhiteElo "2184"]
[BlackElo "2023"]
[PlyCount "103"]
[EventDate "2006.07.??"]
[Source "Ganslmayer"]
[SourceDate "2012.12.20"]

1. c4 g6 2. Nc3 Bg7 3. g3 d6 4. Bg2 Nf6 5. d4 O-O 6. Nf3 Na6 7. h3 Rb8 8. O-O
c5 9. Be3 b6 10. Qd2 Bb7 11. d5 Nc7 12. a4 a6 13. Bh6 b5 14. Bxg7 Kxg7 15. b3
Bc8 16. Qc2 Bd7 17. e4 bxc4 18. bxc4 Rb4 19. e5 Nfe8 20. Ne4 Qb8 21. Rfb1 a5
22. Ne1 Na6 23. exd6 exd6 24. Nd3 Rxb1+ 25. Rxb1 Nb4 26. Qb2+ Kg8 27. Nf4 Bf5
28. g4 Bxe4 29. Bxe4 Qd8 30. Ne2 Qf6 31. Qd2 Qe5 32. Nc3 f5 33. gxf5 gxf5 34.
Bf3 Qf6 35. Ne2 Kh8 36. Qc3 Qxc3 37. Nxc3 Kg7 38. Nb5 Kf6 39. Re1 Kg5 40. Re6
Kf4 41. Be2 Na2 42. Bd3 Nc1 43. Bc2 Na2 44. Kf1 Nb4 45. Bb1 Nf6 46. Nxd6 Nd7
47. Re7 Ne5 48. Rxh7 Rb8 49. Rh5 Rf8 50. Nxf5 Nf3 51. Ng7 Rf7 52. Ne6# 1-0

[Event "18sen.Bay.EM2006 Schney op"]
[Site "Schloss Schney (25.6.-3.7)"]
[Date "2006.07.02"]
[Round "8.6"]
[White "Kunath, Werner"]
[Black "Walther, Diethelm"]
[Result "1-0"]
[WhiteElo "1896"]
[BlackElo "2036"]
[PlyCount "45"]
[EventDate "2006.07.??"]
[Source "Ganslmayer"]
[SourceDate "2012.12.20"]

1. d4 d5 2. c4 Bf5 3. Nf3 e6 4. cxd5 exd5 5. Qb3 Nc6 6. Nc3 Nb4 7. e4 Bg6 8.
Ne5 a5 9. Nxg6 hxg6 10. a3 a4 11. Qd1 Nc6 12. exd5 Nce7 13. Qf3 c6 14. dxc6
bxc6 15. Bf4 Qxd4 16. Rd1 Qb6 17. Bc4 Nf6 18. O-O Rh5 19. Rfe1 Rf5 20. g4 Rfa5
21. Be3 Qxb2 22. Bd4 O-O-O 23. Rxe7 1-0

[Event "18sen.Bay.EM2006 Schney op"]
[Site "Schloss Schney (25.6.-3.7)"]
[Date "2006.07.02"]
[Round "8.7"]
[White "Petzold, Hans ProfDr(36)"]
[Black "Romanow, Werner"]
[Result "1-0"]
[WhiteElo "2023"]
[BlackElo "1966"]
[PlyCount "59"]
[EventDate "2006.07.??"]
[Source "Ganslmayer"]
[SourceDate "2012.12.20"]

1. e4 c5 2. Nc3 Nc6 3. f4 e6 4. Nf3 d5 5. Bb5 a6 6. Bxc6+ bxc6 7. d3 Nf6 8. O-O
Be7 9. Qe1 O-O 10. Bd2 a5 11. Qg3 Ne8 12. Rae1 Nd6 13. Qh3 Nb5 14. Ne5 Nd4 15.
Rc1 Qc7 16. Kh1 f6 17. Nf3 Nxf3 18. Qxf3 f5 19. exd5 cxd5 20. Nxd5 exd5 21.
Qxd5+ Kh8 22. Qxa8 Bb7 23. Qa7 Qc6 24. Rf2 Bh4 25. Re2 Re8 26. Qxc5 Qg6 27. Rg1
h5 28. Rxe8+ Qxe8 29. Bc3 Qg6 30. Qc7 1-0

[Event "18sen.Bay.EM2006 Schney op"]
[Site "Schloss Schney (25.6.-3.7)"]
[Date "2006.07.02"]
[Round "8.8"]
[White "Anliker, Peter"]
[Black "Kahn, Peter"]
[Result "1/2-1/2"]
[WhiteElo "1947"]
[BlackElo "2023"]
[PlyCount "44"]
[EventDate "2006.07.??"]
[Source "Ganslmayer"]
[SourceDate "2012.12.20"]

1. d4 d5 2. Nf3 Nf6 3. c4 e6 4. Nc3 Nbd7 5. Bg5 c6 6. cxd5 exd5 7. e3 Be7 8.
Bd3 O-O 9. O-O Re8 10. Qc2 Nf8 11. a3 Ne4 12. Bxe7 Qxe7 13. b4 a6 14. Rab1 Bf5
15. Ne2 Ng6 16. Ng3 Nxg3 17. hxg3 Bxd3 18. Qxd3 Nf8 19. Rfc1 Nd7 20. a4 Nb6 21.
b5 axb5 22. axb5 Ra3 1/2-1/2

[Event "18sen.Bay.EM2006 Schney op"]
[Site "Schloss Schney (25.6.-3.7)"]
[Date "2006.07.02"]
[Round "8.9"]
[White "Goy, Udo"]
[Black "Dohmel, Wolfgang(39)++"]
[Result "1-0"]
[WhiteElo "2107"]
[BlackElo "1770"]
[PlyCount "63"]
[EventDate "2006.07.??"]
[Source "Ganslmayer"]
[SourceDate "2012.12.20"]

1. d4 f5 2. h3 b6 3. g4 Bb7 4. Nf3 e6 5. gxf5 exf5 6. Rg1 Qe7 7. Bg2 Nf6 8. Nc3
d6 9. d5 c5 10. dxc6 Nxc6 11. Bg5 O-O-O 12. Nd5 Qe6 13. Bxf6 gxf6 14. Nd4 Qe5
15. Nxb6+ axb6 16. Bxc6 Bh6 17. Bxb7+ Kxb7 18. e3 d5 19. Qh5 Bxe3 20. fxe3
Qxe3+ 21. Ne2 Rhe8 22. Rf1 Re5 23. Rd1 Rde8 24. Rd2 f4 25. Qxh7+ R8e7 26. Qd3
f3 27. Rxf3 Qg1+ 28. Rf1 Qg5 29. Kd1 Re3 30. Qxd5+ Qxd5 31. Rxd5 Rxe2 32. Rd7+
1-0

[Event "18sen.Bay.EM2006 Schney op"]
[Site "Schloss Schney (25.6.-3.7)"]
[Date "2006.07.02"]
[Round "8.10"]
[White "Jaenig, Reinhard"]
[Black "Fels, Karl-Heinz"]
[Result "1-0"]
[WhiteElo "2021"]
[BlackElo "1766"]
[PlyCount "151"]
[EventDate "2006.07.??"]
[Source "Ganslmayer"]
[SourceDate "2012.12.20"]

1. e4 e5 2. Nf3 Nc6 3. Bb5 a6 4. Bxc6 dxc6 5. Nc3 Qd6 6. d4 exd4 7. Qxd4 Qxd4
8. Nxd4 Nf6 9. f3 Bd7 10. Be3 Bb4 11. Nde2 h6 12. a3 Be7 13. O-O-O O-O-O 14.
Nf4 g5 15. Nd3 Be6 16. Nc5 Rhg8 17. Rxd8+ Rxd8 18. Nxe6 fxe6 19. Rd1 Bd6 20. g3
e5 21. Rd3 b5 22. Kd1 a5 23. Ke2 b4 24. Nb1 Kd7 25. a4 Ke6 26. Nd2 Ra8 27. h3
Nh5 28. Bf2 Nf6 29. Nc4 Nd7 30. b3 Nf6 31. Be3 Nh5 32. Kf2 Nf6 33. Rd1 Nd7 34.
Kg2 Nf6 35. Rh1 Bf8 36. g4 Nh7 37. h4 gxh4 38. Rxh4 Ng5 39. Rh5 Nf7 40. Bf2 Bg7
41. Bg3 Ra6 42. f4 exf4 43. Bxf4 Nd6 44. Nxd6 cxd6 45. Bxh6 Bxh6 46. Rxh6+ Ke5
47. Kf3 c5 48. Ke3 Ra8 49. Rh5+ Ke6 50. e5 Rg8 51. exd6 Kxd6 52. Kf4 Re8 53. g5
Rf8+ 54. Ke4 Rf2 55. g6 Rg2 56. Kf5 Ke7 57. Rg5 Rf2+ 58. Ke4 Kf6 59. g7 Re2+
60. Kd3 Re8 61. g8=Q Rxg8 62. Rxg8 Ke5 63. Rg5+ Kd6 64. Kc4 Kc6 65. Rxc5+ Kb6
66. Rh5 Ka6 67. Kc5 Kb7 68. Rh6 Kc7 69. Rh7+ Kd8 70. Kd6 Ke8 71. Re7+ Kf8 72.
Ke6 Kg8 73. Kf6 Kf8 74. Re5 Kg8 75. Kg6 Kf8 76. Re4 1-0

[Event "18sen.Bay.EM2006 Schney op"]
[Site "Schloss Schney (25.6.-3.7)"]
[Date "2006.07.02"]
[Round "8.11"]
[White "Mahrla, Hans Dr"]
[Black "Rost van Tonningen, Otto"]
[Result "0-1"]
[WhiteElo "1678"]
[BlackElo "1958"]
[PlyCount "32"]
[EventDate "2006.07.??"]
[Source "Ganslmayer"]
[SourceDate "2012.12.20"]

1. e4 d6 2. d4 Nf6 3. Bd3 g6 4. Nf3 Bg7 5. O-O O-O 6. c3 c5 7. e5 Ne8 8. exd6
Qxd6 9. dxc5 Qxc5 10. Be3 Qc7 11. Qd2 Nc6 12. Bh6 Bg4 13. Bxg7 Nxg7 14. Qe3
Rad8 15. h3 Bxf3 16. Qxf3 Ne5 0-1

[Event "18sen.Bay.EM2006 Schney op"]
[Site "Schloss Schney (25.6.-3.7)"]
[Date "2006.07.02"]
[Round "8.12"]
[White "Kraft, Hans(32)"]
[Black "Winkler, Karl-Heinz(32)"]
[Result "1-0"]
[WhiteElo "1981"]
[BlackElo "1702"]
[PlyCount "95"]
[EventDate "2006.07.??"]
[Source "Ganslmayer"]
[SourceDate "2012.12.20"]

1. e4 Nc6 2. Nf3 e5 3. Bb5 Nd4 4. Ba4 b5 5. Nxd4 bxa4 6. Nf3 d6 7. d4 Bg4 8. c3
Qd7 9. dxe5 Bxf3 10. Qxf3 dxe5 11. O-O Nf6 12. h3 h6 13. Nd2 Qc6 14. Re1 Bd6
15. Nf1 O-O 16. Bxh6 Rab8 17. Re2 Rfd8 18. Ng3 Bf8 19. Bg5 Be7 20. Nf5 Qe6 21.
Rae1 Rb6 22. Qg3 Kf8 23. Be3 g6 24. Nxe7 Qxe7 25. Bxb6 axb6 26. Qg5 Qd6 27. g4
Kg7 28. Kg2 Qe6 29. a3 Rd7 30. Re3 Nh7 31. Qh4 f6 32. Qg3 Rd2 33. R3e2 Rd6 34.
Qe3 Qd7 35. Qg3 Rd3 36. Re3 Rd2 37. R3e2 Rd6 38. f4 Qe7 39. fxe5 fxe5 40. Re3
g5 41. Rd3 Nf6 42. Rxd6 cxd6 43. Qe3 Kg6 44. Qf2 Nd7 45. Qf5+ Kg7 46. Re2 Nc5
47. h4 Nd3 48. hxg5 1-0

[Event "18sen.Bay.EM2006 Schney op"]
[Site "Schloss Schney (25.6.-3.7)"]
[Date "2006.07.02"]
[Round "8.13"]
[White "Pietruske, Siegfried"]
[Black "Mueller, Helmut(05.35)++"]
[Result "1/2-1/2"]
[WhiteElo "1819"]
[BlackElo "1850"]
[PlyCount "44"]
[EventDate "2006.07.??"]
[Source "Ganslmayer"]
[SourceDate "2012.12.20"]

1. e4 c5 2. Nf3 d6 3. d4 cxd4 4. Qxd4 e5 5. Qd3 Nf6 6. Bg5 Be7 7. Nc3 Be6 8.
Bxf6 gxf6 9. Nd5 Nc6 10. c3 Qd7 11. O-O-O f5 12. Nxe7 Kxe7 13. b3 a5 14. Ng5
fxe4 15. Nxe4 Rad8 16. Qg3 Qc7 17. Qg5+ Kf8 18. Qf6 Rg8 19. Ng5 Qe7 20. Qh6+
Ke8 21. Ne4 Rg6 22. Qd2 f5 1/2-1/2

[Event "18sen.Bay.EM2006 Schney op"]
[Site "Schloss Schney (25.6.-3.7)"]
[Date "2006.07.02"]
[Round "8.14"]
[White "Neumeister, Herbert Dr"]
[Black "Geisensetter, Franz"]
[Result "0-1"]
[WhiteElo "1753"]
[BlackElo "1992"]
[PlyCount "89"]
[EventDate "2006.07.??"]
[Source "Ganslmayer"]
[SourceDate "2012.12.20"]

1. d4 Nf6 2. Nf3 e6 3. e3 b6 4. Bd3 Bb7 5. Nbd2 c5 6. O-O Be7 7. b3 cxd4 8.
exd4 Nd5 9. c4 Nf4 10. Bc2 Bd6 11. Ne4 Bc7 12. Re1 O-O 13. Ba3 Re8 14. Nd6 Bxd6
15. Bxd6 Qf6 16. Be5 Qh6 17. d5 f6 18. Bd6 Na6 19. Re4 e5 20. g3 f5 21. Rxe5
Nh3+ 22. Kg2 Qxd6 23. Rxe8+ Rxe8 24. Kxh3 f4 25. a3 fxg3 26. hxg3 Qf6 27. Ra2
d6 28. Nh4 Bc8+ 29. Kg2 g5 30. Bxh7+ Kg7 31. Qf3 gxh4 32. Qxf6+ Kxf6 33. gxh4
Rh8 34. Bb1 Rxh4 35. Re2 Rh8 36. Re3 Rg8+ 37. Kf3 Nc5 38. Bc2 Bg4+ 39. Kf4 Bh5
40. Rh3 Rg4+ 41. Ke3 Bg6 42. Bd1 Rg1 43. Ke2 Ne4 44. b4 Rxd1 45. Rf3+ 0-1

[Event "18sen.Bay.EM2006 Schney op"]
[Site "Schloss Schney (25.6.-3.7)"]
[Date "2006.07.02"]
[Round "8.15"]
[White "Theuermeister, Peter"]
[Black "Schmidt, Walter(43)"]
[Result "0-1"]
[WhiteElo "1752"]
[BlackElo "1881"]
[PlyCount "62"]
[EventDate "2006.07.??"]
[Source "Ganslmayer"]
[SourceDate "2012.12.20"]

1. d4 d5 2. Nf3 Nf6 3. c4 e6 4. Nc3 Nbd7 5. Bg5 Be7 6. h3 a6 7. e3 h6 8. Bh4
dxc4 9. Bxc4 b5 10. Be2 Bb7 11. a3 c5 12. dxc5 Nxc5 13. b4 Ncd7 14. O-O O-O 15.
Rc1 Rc8 16. Bg3 Nb6 17. Qb3 Nc4 18. Rfd1 Qb6 19. Ne5 Nxe5 20. Bxe5 Qa7 21. Rc2
Qa8 22. f3 Rfd8 23. Rcd2 Rxd2 24. Rxd2 Rd8 25. Bd4 e5 26. Bc5 Rxd2 27. Bxe7 Nd5
28. Nxd5 Bxd5 29. Qc3 Rxe2 30. Qxe5 Qc6 31. Bc5 Qg6 0-1

[Event "18sen.Bay.EM2006 Schney op"]
[Site "Schloss Schney (25.6.-3.7)"]
[Date "2006.07.02"]
[Round "8.16"]
[White "Leuschner, Guenter"]
[Black "Fritsch, Wolfgang(36)"]
[Result "0-1"]
[WhiteElo "1830"]
[BlackElo "1729"]
[PlyCount "120"]
[EventDate "2006.07.??"]
[Source "Ganslmayer"]
[SourceDate "2012.12.20"]

1. Nf3 Nf6 2. d4 d5 3. c4 e6 4. g3 c6 5. Bg2 Nbd7 6. Qc2 Bb4+ 7. Nbd2 Ne4 8. a3
Nxd2 9. Nxd2 Be7 10. O-O Bf6 11. e3 dxc4 12. Ne4 Be7 13. Qxc4 O-O 14. Rd1 Nf6
15. Nc3 Bd7 16. b4 Rc8 17. Bb2 Qc7 18. Rac1 Rfd8 19. e4 a5 20. e5 Ne8 21. Ne4
axb4 22. axb4 Qb6 23. Nc5 Nc7 24. Be4 Nd5 25. Bc3 Ra8 26. Ra1 Be8 27. Bc2 Nc7
28. Qd3 g6 29. h4 Rxa1 30. Rxa1 Ra8 31. Rb1 Ra3 32. Qd2 Nd5 33. Bb2 Ra7 34. h5
Qxb4 35. Qe2 Bxc5 36. dxc5 Qxc5 37. hxg6 fxg6 38. Bb3 Qb4 39. Qf3 Qf8 40. Qe2
Qb4 41. Qd3 Qg4 42. Re1 Ra8 43. Re4 Qg5 44. Qc2 Bf7 45. Kg2 Qe7 46. Qd2 Rd8 47.
Qc1 Ra8 48. Bd4 Ra5 49. Rf4 g5 50. Rg4 h6 51. f4 Bh5 52. Qd1 Bxg4 53. Qxg4 Ra3
54. Bxd5 cxd5 55. f5 exf5 56. Qxf5 Ra2+ 57. Kh3 Qf7 58. Qc8+ Kh7 59. Qh8+ Kxh8
60. e6+ Kg8 0-1

[Event "18sen.Bay.EM2006 Schney op"]
[Site "Schloss Schney (25.6.-3.7)"]
[Date "2006.07.02"]
[Round "8.17"]
[White "Wolf, Reinhard(37)"]
[Black "Reimann, Guenther(43)"]
[Result "0-1"]
[WhiteElo "1698"]
[BlackElo "1870"]
[PlyCount "50"]
[EventDate "2006.07.??"]
[Source "Ganslmayer"]
[SourceDate "2012.12.20"]

1. d4 e6 2. c4 f5 3. Nc3 c6 4. e4 fxe4 5. Nxe4 d5 6. Qh5+ Kd7 7. Qf7+ Qe7 8.
Nc5+ Kd8 9. Qxe7+ Bxe7 10. Nf3 b6 11. Nb3 Nd7 12. Bd3 Ba6 13. Nbd2 Ngf6 14. O-O
Re8 15. Ne5 Nxe5 16. dxe5 Ng4 17. Nf3 Kc7 18. h3 Nh6 19. Bxh6 gxh6 20. Rac1
Rad8 21. b3 dxc4 22. Bxc4 Bxc4 23. Rxc4 Rd5 24. Rh4 Bxh4 25. Nxh4 Rxe5 0-1

[Event "18sen.Bay.EM2006 Schney op"]
[Site "Schloss Schney (25.6.-3.7)"]
[Date "2006.07.02"]
[Round "8.19"]
[White "Gerdes, Hans"]
[Black "Krafzik, Joachim"]
[Result "0-1"]
[WhiteElo "1692"]
[BlackElo "1841"]
[PlyCount "100"]
[EventDate "2006.07.??"]
[Source "Ganslmayer"]
[SourceDate "2012.12.20"]

1. e4 e6 2. d4 d5 3. e5 c5 4. c3 Nc6 5. Be3 cxd4 6. cxd4 Bb4+ 7. Nc3 Nge7 8.
Bd3 Nf5 9. Bxf5 exf5 10. f4 Be6 11. Nf3 Qa5 12. Qb3 Rb8 13. O-O Qd8 14. a3 Be7
15. Rac1 O-O 16. Qa4 a6 17. b4 Qd7 18. Qb3 b5 19. Qc2 Rfc8 20. Qd3 a5 21. Nxb5
axb4 22. a4 Ra8 23. Ra1 Ra5 24. Bd2 Rca8 25. Qb3 h6 26. Rfb1 Rb8 27. g3 Ra6 28.
Qc2 Na7 29. Qc7 Qxc7 30. Nxc7 Rc6 31. Nxe6 fxe6 32. Rb3 Rc4 33. Kf2 Nc6 34. a5
Bd8 35. a6 Ra8 36. Ra4 Be7 37. Ke3 Kf7 38. Kd3 Ke8 39. Be3 Kd7 40. Nd2 Rc1 41.
Rb2 Rc3+ 42. Ke2 Kc7 43. Nb3 Kb6 44. Bd2 Rc4 45. Rba2 Kb5 46. Be3 Rc3 47. Nc5
Bxc5 48. dxc5 b3 49. R2a3 b2 50. Bd2 Rxa3 0-1

[Event "18sen.Bay.EM2006 Schney op"]
[Site "Schloss Schney (25.6.-3.7)"]
[Date "2006.07.02"]
[Round "8.20"]
[White "Stadler, Lothar"]
[Black "Baessler, Arwed"]
[Result "0-1"]
[WhiteElo "1790"]
[BlackElo "1751"]
[PlyCount "106"]
[EventDate "2006.07.??"]
[Source "Ganslmayer"]
[SourceDate "2012.12.20"]

1. e4 d6 2. f4 Nf6 3. d3 c5 4. Nf3 Nc6 5. Be2 e5 6. fxe5 dxe5 7. Bg5 Be7 8. O-O
Ng4 9. Bd2 Nd4 10. Nxd4 Qxd4+ 11. Kh1 Nf2+ 12. Rxf2 Qxf2 13. Bc3 Bd6 14. Nd2
Qf6 15. a3 O-O 16. Nc4 Bc7 17. Qd2 Re8 18. Rf1 Qg6 19. Qd1 Qe6 20. Ne3 Qc6 21.
Bh5 g6 22. Bg4 Bd8 23. Bd2 Kg7 24. Rf3 h5 25. Bxc8 Rxc8 26. Rg3 Rh8 27. Qf1 Rc7
28. Bc3 Re8 29. Nd5 Rd7 30. Bd2 Qe6 31. c4 Rh8 32. b4 b6 33. Bc3 Re8 34. Nf4
Qd6 35. Nxh5+ Kg8 36. Qc1 Qf8 37. Bd2 Kh7 38. Rh3 gxh5 39. Rxh5+ Kg6 40. Rh6+
Kg7 41. Rc6 Qh8 42. Bh6+ Kg8 43. Qd1 Re6 44. Qg4+ Kh7 45. Qf5+ Kxh6 46. Rxe6+
fxe6 47. Qxe6+ Qf6 48. Qh3+ Kg6 49. g4 Rh7 50. Qg2 Qf4 51. bxc5 Qc1+ 52. Qg1
Qxg1+ 53. Kxg1 bxc5 0-1

[Event "18sen.Bay.EM2006 Schney op"]
[Site "Schloss Schney (25.6.-3.7)"]
[Date "2006.07.02"]
[Round "8.21"]
[White "Hamm, Georg Dr"]
[Black "Muenzenberg, Dietrich"]
[Result "0-1"]
[WhiteElo "1950"]
[BlackElo "1697"]
[PlyCount "68"]
[EventDate "2006.07.??"]
[Source "Ganslmayer"]
[SourceDate "2012.12.20"]

1. d4 f5 2. e4 fxe4 3. Nc3 Nf6 4. Bg5 c6 5. f3 d5 6. Qd2 Bf5 7. Bxf6 gxf6 8.
fxe4 dxe4 9. Qf4 Qa5 10. Bc4 Nd7 11. Nge2 Bg6 12. O-O O-O-O 13. Nxe4 h5 14.
N2c3 Bh6 15. Qf2 Rdf8 16. Be6 Bf7 17. Bh3 Kd8 18. Rad1 Rhg8 19. Nc5 Nxc5 20.
dxc5+ Kc7 21. Rd7+ Kb8 22. Rxe7 Bc4 23. Rfe1 h4 24. Qd4 Ba6 25. Qd6+ Ka8 26.
Kh1 Rd8 27. Bd7 Bf8 28. Qxf6 Bxe7 29. Qxe7 Qc7 30. Rd1 Kb8 31. h3 b6 32. cxb6
axb6 33. Qe6 Bb7 34. Ne4 c5 0-1

[Event "18sen.Bay.EM2006 Schney op"]
[Site "Schloss Schney (25.6.-3.7)"]
[Date "2006.07.02"]
[Round "8.22"]
[White "Lueders, Guenther Dr"]
[Black "Reer, Erdmann"]
[Result "1/2-1/2"]
[WhiteElo "1696"]
[BlackElo "1884"]
[PlyCount "44"]
[EventDate "2006.07.??"]
[Source "Ganslmayer"]
[SourceDate "2012.12.20"]

1. d4 d5 2. Nf3 Nf6 3. Bf4 c6 4. Nbd2 e6 5. h3 Bd6 6. Bxd6 Qxd6 7. a3 Nbd7 8.
e3 O-O 9. Be2 e5 10. dxe5 Nxe5 11. O-O Bd7 12. c3 Rfd8 13. Qc2 Nxf3+ 14. Nxf3
c5 15. Rfd1 Bc6 16. Ne1 Qe7 17. Bf3 Rac8 18. Rd2 d4 19. exd4 cxd4 20. Rxd4 Rxd4
21. cxd4 Qd7 22. Bxc6 Rxc6 1/2-1/2

[Event "18sen.Bay.EM2006 Schney op"]
[Site "Schloss Schney (25.6.-3.7)"]
[Date "2006.07.02"]
[Round "8.23"]
[White "Weschke, Wolfgang++"]
[Black "Aigner, Georg"]
[Result "1-0"]
[WhiteElo "2114"]
[BlackElo "1736"]
[PlyCount "83"]
[EventDate "2006.07.??"]
[Source "Ganslmayer"]
[SourceDate "2012.12.20"]

1. d4 d5 2. Nf3 Nf6 3. e3 Nbd7 4. c4 e6 5. Nc3 Be7 6. Bd3 dxc4 7. Bxc4 Nb6 8.
Bb3 O-O 9. O-O c5 10. Qe2 Qc7 11. e4 cxd4 12. Nxd4 e5 13. Ndb5 Qc6 14. Bg5 a6
15. Bxf6 Bxf6 16. Na3 Be6 17. Bxe6 Qxe6 18. Nc2 Rfd8 19. Ne3 Rd7 20. Ned5 Bd8
21. Rfd1 Nxd5 22. Nxd5 Bb6 23. Rd3 Bd4 24. Kf1 Rc8 25. Rad1 f5 26. f3 Rf7 27.
Nf4 Qh6 28. Nh3 Qh4 29. exf5 Rxf5 30. Rxd4 Rxf3+ 31. Qxf3 exd4 32. Qd5+ Kh8 33.
Qxd4 Qe7 34. Nf2 Re8 35. Qd3 Qe5 36. Qd2 Qxh2 37. Qd7 Rf8 38. Qd6 Qh1+ 39. Ke2
Re8+ 40. Kf3 Qh5+ 41. Ng4 Qf7+ 42. Kg3 1-0

[Event "18sen.Bay.EM2006 Schney op"]
[Site "Schloss Schney (25.6.-3.7)"]
[Date "2006.07.02"]
[Round "8.24"]
[White "Reichwald, Klaus"]
[Black "Wanner, Georges"]
[Result "1-0"]
[WhiteElo "1749"]
[BlackElo "1593"]
[PlyCount "89"]
[EventDate "2006.07.??"]
[Source "Ganslmayer"]
[SourceDate "2012.12.20"]

1. e4 c5 2. Nc3 d6 3. g3 g6 4. Bg2 Bg7 5. Nge2 Nc6 6. d3 Nh6 7. O-O O-O 8. f4
f5 9. Be3 Bd7 10. h3 Rb8 11. e5 dxe5 12. Bxc5 b6 13. Bf2 Nf7 14. Re1 e6 15. a3
Ne7 16. fxe5 Bc6 17. Nf4 Qc8 18. d4 Bxg2 19. Kxg2 Rd8 20. Qe2 g5 21. Nh5 Qb7+
22. Kh2 g4 23. h4 Rbc8 24. Nf6+ Kh8 25. Rad1 a6 26. Be3 b5 27. Rf1 Rf8 28. Nh5
Rxc3 29. bxc3 Nd5 30. Bd2 Rc8 31. Qg2 Qc7 32. Nf4 Nxf4 33. gxf4 Qe7 34. Be1 h5
35. d5 exd5 36. Rxd5 Rd8 37. Qd2 Rxd5 38. Qxd5 Kh7 39. Bf2 Bh6 40. Bg3 Bf8 41.
Rd1 Kg7 42. Qd7 Qc5 43. e6 Be7 44. exf7 Qe3 45. Qd4+ 1-0